000 00433nam a2200181Ia 4500
001 10494
005 20260306161836.0
008 260306t1995||||xx |||||||||||||| ||spa||
041 _aESP
082 _a938
_bJ14
100 _aJaeger, Werner
_eAUT
245 0 _aPaideia:
_blos ideales de la cultura griega
260 _c1995
300 _a1151 páginas :
_c21 cm.
650 _aGEN
654 _aCHU
942 _cLIB
_dJUS
_fJUS
_2ddc
_n
999 _c10494
_d10494